000 00659nam a2200193 i 4500
001 61102
003 ES-MaACL
005 20230906164354.0
007 t|
008 031110s1973 sp |||| | gal d
245 0 0 _aEstudos do dereito civil de Galicia /
_cIglesias Corral ... [et al.].
260 _a[Santiago de Compostela :
_bSept,
_c[1973]
300 _a282 p. ;
_c24 cm.
500 _aPrecede al tít.: Academia Galega de Xurisprudencia e Lexislación.
650 4 _aDerecho civil-
_zGalicia.
_9165505
700 1 _aIglesias Corral, Manuel.
_9158835
710 2 _aAcademia Gallega de Jurisprudencia y Legislación.
_91197
852 _aES-MaACL
_jC-53407
999 _c61102
_d61102